000
00321nam a2200121 a 4500
005
20140414131913.0
008
101014s19uu xx 00 eng d
050
_a
ER
_b
G54 1980
100
_a
Robinson, Ian
245
_a
Goldilocks and the three bears.
260
_b
Award publications,
_a
London :
_c
1980.
999
_c
111330
_d
111330